=LDR 00000nam 2200000 4500 =001 NUTBA000000000005140 =005 20210204124545 =035 ##$$a 0010-101400000000370 =008 210204################g##########0#ind## =020 ##$$a 978-602-855-1141-4 =040 ##$$a NBPDMAT =082 ##$$a 330.917 =090 ##$$a 330.917 $b Cep b =100 ##$$a Cepy Suherman =245 1#$$a Aktivitas ekonomi di pedesaan /$c Cepy Suherman =250 ##$$a Cet. 2 =260 ##$$a Jakarta :$b Buana Cipta Pustaka,$c 2011 =300 ##$$a 51 hlm. : $b ilus. ; $c 25 x 17 cm =500 ##$$a Bibliografi : hlm. =650 #4$$a Ekonomi Pedesaan =850 ##$$a NBPDMAT =084 ##$$a 330.917 CEP a =990 ##$$a 21412047 =990 ##$$a 21412048 =990 ##$$a 21412049 =990 ##$$a 21412050 =990 ##$$a 21412051 =990 ##$$a 21412048 =990 ##$$a 21412047 =990 ##$$a 21412049 =990 ##$$a 21412050 =990 ##$$a 21412051